Films et erreurs - Statistiques

Statistiques générales
  • Ce quiz a été pris 168 fois
  • Le résultat moyen est 35 sur 50
Statistiques - réponses
Hint Réponse % Correct
Sophie au pays des merveilles Alice
99%
Slow and furious fast
96%
La paix des étoiles guerre
93%
Il était une oie dans l'ouest fois
92%
Le bon, la brute et le gangster truand
92%
Le dîner de bons cons
91%
Retour vers le passé futur
91%
Toi, moche et méchant moi
91%
Le silence des moutons agneaux
87%
Arrête-moi si tu veux peux
87%
Et si c'était faux vrai
86%
Edward aux pieds d'argent mains
85%
Chantons sous la neige pluie
85%
Le fabuleux destin d'Amélie pouliche Poulain
85%
La mort est belle vie
85%
C'est arrivé loin de chez vous près
84%
Elephant girl man
82%
Le premier des métros dernier
81%
La vérité si je pends mens
81%
Voyage au centre de la mer terre
81%
Moche de jour belle
80%
Small fish big
80%
Mamie fait de la résistance papy
79%
Slumdog milliardaire millionaire
78%
Rose mécanique orange
78%
Réservoir cats dogs
75%
Vous avez un massage message
75%
Bled runner blade
74%
Hook ou la revanche du capitaine tricot crochet
72%
The grand Bucarest hôtel Budapest
70%
A l'ouest d'Eden est
68%
Les ombrelles de Cherbours parapluies
68%
Porte sur cour fenêtre
66%
Rien sur ma mère tout
65%
Feux interdits jeux
64%
Assurance sur la vie mort
64%
Les parents du paradis enfants
63%
Du rififi chez les femmes hommes
62%
Le train soufflera 3 fois sifflera
59%
13 hommes en colère douze
54%
Le salaire de la crainte peur
54%
Les groseilles de la colère raisins
53%
Le premier jour du début de ta vie reste
49%
Tirez sur le saxophoniste pianiste
41%
Un taxi nommé désir tramway
38%
Avenue du crépuscule boulevard
37%
Mon beau-père, mes enfants et moi parents
37%
Mon oncle d'Australie Amérique
30%
Quand la fille dort ville
18%
La bourrée auvergnate des pantins valse
14%
Aucun quiz correspondant
Distribution des résultats
% des personnes avec chaque résultat
Percentile par nombre de réponses
Votre historique - résultats
Vous n’avez pas pris ce quiz